Θέματα ανάπτυξης και προσαρμογής των παιδιών στην οικογένεια και στο σχολείο επιστημονική επιμέλεια: Χ. Χατζηχρήστου και Η. Μπεζεβέγκης.
Αποθηκεύτηκε σε:
| Άλλοι συγγραφείς: | , |
|---|---|
| Μορφή: | Βιβλίο |
| Γλώσσα: | Greek |
| Δημοσίευση: |
Αθήνα :
Πεδίο,
2012.
|
| Σειρά: | Προβλήματα μάθησης και συμπεριφοράς στο σχολείο
|
| Θέματα: | |
| Ετικέτες: |
Προσθήκη ετικέτας
Δεν υπάρχουν, Καταχωρήστε ετικέτα πρώτοι!
|
MARC
| LEADER | 00000nam a2200000 a 4500 | ||
|---|---|---|---|
| 001 | 1/116642 | ||
| 008 | 180525s2012####gr | ||| |||| ||gre|| | ||
| 020 | |a 9789605460921 | ||
| 040 | |a GR-MyUa |b gre |c GR-MyUa |e AACR2 | ||
| 041 | 0 | |a gre | |
| 082 | 7 | |a 155.412 |2 (23) | |
| 245 | 0 | 0 | |a Θέματα ανάπτυξης και προσαρμογής των παιδιών στην οικογένεια και στο σχολείο / |b επιστημονική επιμέλεια: Χ. Χατζηχρήστου και Η. Μπεζεβέγκης. |
| 260 | |a Αθήνα : |b Πεδίο, |c 2012. | ||
| 300 | |a 467 σ. ; |c 23 εκ. | ||
| 490 | 1 | |a (Προβλήματα μάθησης και συμπεριφοράς στο σχολείο) | |
| 504 | |a Περιλαμβάνει βιβλιογραφικές παραπομπές. | ||
| 650 | 0 | |a Child psychology. | |
| 650 | 0 | |a Adolescent psychology. | |
| 650 | 0 | |a Child development |x Psychological aspects. | |
| 650 | 0 | |a Teenagers |x Family relationships. | |
| 650 | 0 | |a School psychology. | |
| 700 | 1 | |a Μπεζεβέγκης, Ηλίας Γ, |e edt | |
| 700 | 1 | |a Χατζηχρήστου, Χρυσή Γ. |e edtf | |
| 830 | 0 | |a Προβλήματα μάθησης και συμπεριφοράς στο σχολείο | |
| 852 | |a INST |b RHODES |c EUDOXUS |e 20180525 |h 155.412 ΘΕΜ |p 005400040095 |q 005400040095 |t EDX |y 0 | ||
| 920 | |a Εύδοξος |b Παραγγελία |y Ρόδος-ΠΤΔΕ |z 2018-04 | ||
| 970 | |z 25-05-2018 | ||